Introducción al análisis del equilibrio / (Registro nro. 5533)

Detalles MARC
000 -LEADER
fixed length control field 01284nam a2200313Ia 4500
003 - CONTROL NUMBER IDENTIFIER
control field OSt
005 - DATE AND TIME OF LATEST TRANSACTION
control field 20200623151928.0
008 - FIXED-LENGTH DATA ELEMENTS--GENERAL INFORMATION
fixed length control field 191128s1982 sp ad gr 001 0dspa d
020 ## - INTERNATIONAL STANDARD BOOK NUMBER
International Standard Book Number 8485855124
040 ## - CATALOGING SOURCE
Original cataloging agency CO-JMCR
Transcribing agency CO-JMCR
041 1# - LANGUAGE CODE
Language code of text/sound track or separate title spa
Language code of original eng
082 04 - DEWEY DECIMAL CLASSIFICATION NUMBER
Classification number 330.154 /
Item number H342i
Edition number 23
100 1# - MAIN ENTRY--PERSONAL NAME
Personal name Hildenbrand, W.,
Relator term autor
9 (RLIN) 6010
245 10 - TITLE STATEMENT
Title Introducción al análisis del equilibrio /
Statement of responsibility, etc. W. Hildenbrand y A. P. Kirman ; traducción de Teodoro Millán
260 ## - PUBLICATION, DISTRIBUTION, ETC.
Place of publication, distribution, etc. Barcelona :
Name of publisher, distributor, etc. Antoni Bosch editor,
Date of publication, distribution, etc. 1982.
300 ## - PHYSICAL DESCRIPTION
Extent 247 páginas :
Other physical details gráficos a blanco y negro ;
Dimensions 22 cm.
490 0# - SERIES STATEMENT
Series statement Economía ;
Volume/sequential designation 16
500 ## - GENERAL NOTE
General note Incluye índice de autores, materias y apéndices.
504 ## - BIBLIOGRAPHY, ETC. NOTE
Bibliography, etc. note Bibliografía: páginas 237-239.
505 0# - FORMATTED CONTENTS NOTE
Formatted contents note Un resumen introductorio -- Economías de intercambio -- El núcleo de un juego -- Economías grandes -- Teoremas del límite acerca del núcleo -- Existencia de equilibrios competitivos
534 ## - ORIGINAL VERSION NOTE
Introductory phrase Introduction to equilibrium analysis
546 ## - LANGUAGE NOTE
Language note Traducido del inglés
650 14 - SUBJECT ADDED ENTRY--TOPICAL TERM
Topical term or geographic name entry element Equilibrio
General subdivision (Economía)
9 (RLIN) 6011
650 24 - SUBJECT ADDED ENTRY--TOPICAL TERM
Topical term or geographic name entry element Escuela austríaca de economía
9 (RLIN) 6012
650 24 - SUBJECT ADDED ENTRY--TOPICAL TERM
Topical term or geographic name entry element Teoría económica
9 (RLIN) 6013
700 1# - ADDED ENTRY--PERSONAL NAME
Personal name Kirman, A. P.,
Relator term autor
9 (RLIN) 6014
700 1# - ADDED ENTRY--PERSONAL NAME
Personal name Millán, Teodoro,
Relator term traductor
9 (RLIN) 6015
942 ## - ADDED ENTRY ELEMENTS (KOHA)
Source of classification or shelving scheme Dewey Decimal Classification
Koha item type Books
Existencias
Withdrawn status Lost status Source of classification or shelving scheme Materials specified (bound volume or other part) Damaged status Not for loan Home library Current library Shelving location Date acquired Source of acquisition Cost, normal purchase price Total Checkouts Full call number Barcode Date last seen Copy number Price effective from Koha item type
    Dewey Decimal Classification Donación--15/04/2018--     Biblioteca Pública José María del Castillo y Rada Biblioteca Pública José María del Castillo y Rada General Stacks 11/28/2019 Donación 0.00   330.154 / H342i 430002041 05/16/2024 Ej.1 11/28/2019 Books